Yoshi's Island Bosses by Picture - Statistics

General Stats
  • This quiz has been taken 18 times
  • The average score is 6 of 12
Answer Stats
Picture Answer % Correct
Baby Bowser
80%
Burt the Bashful
70%
Salvo the Slime
60%
Naval Piranha
50%
Bigger Boo
40%
Hookbill the Koopa
40%
Marching Milde
40%
Prince Froggy
40%
Raphael the Raven
40%
Roger the Potted Ghost
40%
Sluggy the Unshaven
40%
Tap Tap the Red Nose
30%
No matching quizzes found
Score Distribution
Percent of People with Each Score
Percentile by Number Answered
Your Score History
You have not taken this quiz